000 00541cam a2200145 4500500
005 20260208002353.0
041 _afre
042 _adc
100 1 0 _aLacombe, Sylvie
_eauthor
245 0 0 _aKrishan Kumar, The Making of English National Identity, Cambridge, Cambridge University Press, 2003, xiv + 367 p., bibl., index
260 _c2005.
500 _a20
786 0 _nL'Homme | 175-176 | 3 | 2005-07-01 | p. 475ze-572ze | 0439-4216
856 4 1 _uhttps://shs.cairn.info/revue-l-homme-2005-3-page-475ze?lang=fr&redirect-ssocas=7080
999 _c1646001
_d1646001